[Event "4NCL Division 2c"]
[Site "Birmingham, ENG"]
[Date "2016.05.01"]
[Round "10.227"]
[White "Way, Julian M"]
[Black "Anilkumar, Anantha P"]
[Result "1/2-1/2"]
[WhiteElo "2005"]
[BlackElo "1945"]
[PlyCount "105"]
[EventDate "2016.05.01"]
[WhiteTeam "Celtic Tigers 1"]
[BlackTeam "KJCA Kings"]

1. d4 Nf6 2. Nc3 d5 3. Bg5 Nbd7 4. Qd3 g6 5. Nf3 Bg7 6. O-O-O Nb6 7. Bxf6 Bxf6
8. e4 c6 9. h3 Be6 10. Kb1 Qc7 11. e5 Bg7 12. g4 O-O-O 13. Qe3 h6 14. Bd3 Kb8
15. Nd2 g5 16. f3 c5 17. Nb5 cxd4 18. Nxd4 Qxe5 19. Qxe5+ Bxe5 20. Nxe6 fxe6
21. Rhe1 Bf6 22. Rxe6 Na4 23. Rde1 Nxb2 24. Rxf6 Nxd3 25. Rxe7 Nc5 26. Nb3 Rd7
27. Rxd7 Nxd7 28. Rf5 Nb6 29. Nd4 Nc4 30. a3 Nxa3+ 31. Ka2 Nc4 32. Rxd5 Ne3 33.
Re5 Ng2 34. Nf5 Nf4 35. h4 Ng6 36. Re6 Nxh4 37. Nxh6 Nxf3 38. Nf5 Rc8 39. Kb3
Nd2+ 40. Kb2 Rc4 41. Kc1 Nf3 42. Re8+ Kc7 43. Ne3 Rd4 44. Rf8 Ne5 45. Rf5 Nxg4
46. Nd5+ Kd6 47. Rxg5 Rxd5 48. Rxg4 a5 49. Kb2 Kc5 50. Rh4 b5 51. Rg4 b4 52.
Rh4 a4 53. Rh8 1/2-1/2

[Event "4NCL Division 2c"]
[Site "Birmingham, ENG"]
[Date "2016.05.01"]
[Round "10.228"]
[White "Verma, Aditya"]
[Black "Skulte, Christopher"]
[Result "0-1"]
[WhiteElo "1915"]
[BlackElo "2011"]
[PlyCount "76"]
[EventDate "2016.05.01"]
[WhiteTeam "KJCA Kings"]
[BlackTeam "Celtic Tigers 1"]

1. e4 c5 2. Nf3 e6 3. d4 cxd4 4. Nxd4 Nf6 5. Nc3 Nc6 6. Be2 d5 7. exd5 exd5 8.
O-O Be7 9. Be3 O-O 10. a3 a6 11. h3 Ne5 12. Nf3 Nxf3+ 13. Bxf3 Be6 14. Ne2 Rc8
15. Nd4 Bd7 16. Re1 Re8 17. Qd3 Bc5 18. b4 Ba7 19. Qb3 Re5 20. Red1 Qe8 21. Qb2
Ba4 22. Bf4 Rc4 23. Bxe5 Qxe5 24. c3 Bxd1 25. Rxd1 Ne4 26. Qe2 Bxd4 27. Bxe4
Qxe4 28. Qxe4 dxe4 29. Rxd4 Rxd4 30. cxd4 Kf8 31. f3 exf3 32. gxf3 Ke7 33. Kf2
Ke6 34. Ke3 Kd5 35. Kd3 b5 36. h4 h5 37. Ke3 f6 38. Kd3 g5 0-1

[Event "4NCL Division 2c"]
[Site "Birmingham, ENG"]
[Date "2016.05.01"]
[Round "10.231"]
[White "Snuverink, Jochem"]
[Black "Walker, David J"]
[Result "1/2-1/2"]
[WhiteElo "2399"]
[BlackElo "2299"]
[PlyCount "73"]
[EventDate "2016.05.01"]
[WhiteTeam "Kings Head"]
[BlackTeam "North East England"]

1. e4 e6 2. d4 d5 3. Nc3 Bb4 4. e5 b6 5. a3 Bf8 6. Bb5+ Bd7 7. Bd3 Ne7 8. Nce2
c5 9. c3 c4 10. Bc2 Nbc6 11. h4 Qc7 12. Nf4 O-O-O 13. Nf3 h6 14. h5 Kb7 15. O-O
Na5 16. Be3 Nec6 17. Nd2 Be7 18. Qf3 Kb8 19. Ne2 f6 20. exf6 Bxf6 21. Nf4 Ne7
22. Ng6 Nxg6 23. Bxg6 Rhf8 24. Bf4 e5 25. dxe5 Bxe5 26. Bxe5 Qxe5 27. Rae1 Qd6
28. Qe3 Bf5 29. Nf3 Bxg6 30. hxg6 Qxg6 31. Qe5+ Ka8 32. Nd4 Nc6 33. Nxc6 Qxc6
34. Re3 Rf7 35. Rd1 Kb7 36. Rd4 Rdd7 37. Re2 1/2-1/2

[Event "4NCL Division 2c"]
[Site "Birmingham, ENG"]
[Date "2016.05.01"]
[Round "10.232"]
[White "Dunn, Andrew"]
[Black "Okike, David"]
[Result "1-0"]
[WhiteElo "2245"]
[BlackElo "2201"]
[PlyCount "51"]
[EventDate "2016.05.01"]
[WhiteTeam "North East England"]
[BlackTeam "Kings Head"]

1. d4 Nf6 2. Nf3 e6 3. c4 Bb4+ 4. Bd2 a5 5. g3 b6 6. Bg2 Ba6 7. a3 Be7 8. Ne5
c6 9. O-O d5 10. cxd5 cxd5 11. Nc3 O-O 12. Rb1 Nfd7 13. Nxd7 Nxd7 14. b4 Bc4
15. Qc2 axb4 16. axb4 b5 17. Rfd1 f5 18. e3 Nf6 19. Bf1 Qe8 20. f3 Qc6 21. Bg2
Rfc8 22. Rdc1 Qb6 23. Nd1 Ra3 24. Ra1 Rca8 25. Rxa3 Rxa3 26. Rb1 {phone} 1-0

[Event "4NCL Division 2c"]
[Site "Birmingham, ENG"]
[Date "2016.05.01"]
[Round "10.233"]
[White "Kwiatkowski, Feliks J"]
[Black "Dargan, Paul A G"]
[Result "1/2-1/2"]
[WhiteElo "2226"]
[BlackElo "2170"]
[PlyCount "78"]
[EventDate "2016.05.01"]
[WhiteTeam "Kings Head"]
[BlackTeam "North East England"]

1. e4 e6 2. d4 d5 3. Nd2 Nf6 4. e5 Nfd7 5. c3 c5 6. Bd3 Nc6 7. Ne2 cxd4 8. cxd4
f6 9. exf6 Nxf6 10. Nf3 Bd6 11. O-O Qc7 12. Bg5 O-O 13. Rc1 Ng4 14. Ng3 g6 15.
Bb5 Bd7 16. Rc2 a6 17. Bxc6 Bxc6 18. Bc1 Rae8 19. Ng5 Nf6 20. Re1 e5 21. dxe5
Bxe5 22. Nf3 Bd6 23. Nd4 Rxe1+ 24. Qxe1 Re8 25. Re2 Rxe2 26. Qxe2 Bd7 27. Bd2
Qc4 28. Bc3 Qxe2 29. Ndxe2 Kf7 30. Bd4 Ne8 31. Nc3 Nc7 32. Bb6 Nb5 33. Nxd5 Be6
34. a4 Bxd5 35. axb5 Bxg3 36. hxg3 h5 37. bxa6 bxa6 38. f3 Bc4 39. Kf2 Kf6
1/2-1/2

[Event "4NCL Division 2c"]
[Site "Birmingham, ENG"]
[Date "2016.05.01"]
[Round "10.234"]
[White "Coathup, Roger H"]
[Black "McMichael, Richard J"]
[Result "0-1"]
[WhiteElo "2147"]
[BlackElo "2224"]
[PlyCount "126"]
[EventDate "2016.05.01"]
[WhiteTeam "North East England"]
[BlackTeam "Kings Head"]

1. c4 e6 2. Nf3 d5 3. b3 Nf6 4. Bb2 Be7 5. e3 O-O 6. d4 Ne4 7. Bd3 f5 8. O-O
Nd7 9. Nc3 c6 10. Qe2 Bd6 11. Nb1 Rf6 12. Ne5 Rh6 13. g3 Ndf6 14. Kg2 Qe8 15.
h3 Ng5 16. Rh1 b6 17. Nd2 Bb7 18. f4 Nge4 19. cxd5 Nxd2 20. Qxd2 c5 21. Nf3
Bxd5 22. dxc5 Bxc5 23. Bd4 Bxd4 24. exd4 Rd8 25. Qe3 Rg6 26. Kf2 Bxf3 27. Kxf3
Nd5 28. Qe5 h5 29. h4 Nb4 30. Rhd1 Qc6+ 31. Kf2 Qc3 32. Qe3 Rxd4 33. Bc4 Qxe3+
34. Kxe3 Nc2+ 35. Kf2 Rxc4 36. bxc4 Nxa1 37. Rxa1 e5 38. fxe5 Rc6 39. Rc1 Rc5
40. Kf3 Kf7 41. Kf4 Ke6 42. Kg5 Rxe5 43. Kxh5 Re3 44. Rg1 Kf6 45. g4 g6+ 46.
Kh6 Rh3 47. h5 fxg4 48. Rf1+ Rf3 49. Rd1 gxh5 50. Kxh5 g3 51. Kg4 Ra3 52. Rd2
Ke5 53. Kh3 Ke4 54. Kg2 Rd3 55. Re2+ Kd4 56. Re7 Ra3 57. Rc7 a5 58. Rc6 Rxa2+
59. Kxg3 Rb2 60. Rc8 a4 61. Kf4 a3 62. Ra8 a2 63. Ra4 Kc3 0-1

[Event "4NCL Division 2c"]
[Site "Birmingham, ENG"]
[Date "2016.05.01"]
[Round "10.235"]
[White "Davey, Mark"]
[Black "Waters, Clive L"]
[Result "0-1"]
[WhiteElo "2048"]
[BlackElo "2207"]
[PlyCount "118"]
[EventDate "2016.05.01"]
[WhiteTeam "Kings Head"]
[BlackTeam "North East England"]

1. e4 e5 2. Nf3 d6 3. Bc4 Be7 4. O-O Nf6 5. Nc3 O-O 6. d3 Nc6 7. a3 Bg4 8. h3
Bh5 9. Be3 Qd7 10. Kh2 Nd4 11. Bxd4 exd4 12. Ne2 d5 13. exd5 Bxf3 14. gxf3 Nxd5
15. Bxd5 Qxd5 16. Ng3 Bd6 17. f4 Bxf4 18. Qg4 Bd6 19. f4 f5 20. Qf3 Qxf3 21.
Rxf3 Rae8 22. Raf1 Re6 23. R1f2 g6 24. Ne2 c5 25. Kg2 Rfe8 26. Ng3 b5 27. Rf1
Be7 28. Ra1 Bh4 29. Raf1 a5 30. Ra1 a4 31. Raf1 Kf7 32. Rc1 Re3 33. Rcf1 Rxf3
34. Rxf3 Ke6 35. Ne2 Kd5 36. Ng1 Bd8 37. Kf2 b4 38. Ne2 bxa3 39. bxa3 Bh4+ 40.
Ng3 Rb8 41. Ke2 Rb2 42. Kd2 Ra2 43. Kc1 Ra1+ 44. Kb2 Rg1 45. Nf1 Be1 46. Kc1
Bc3 47. Kb1 Ke6 48. Kc1 Kf6 49. Kb1 h6 50. Kc1 g5 51. fxg5+ hxg5 52. Rf2 Kg6
53. Kb1 Rh1 54. Rf3 f4 55. Kc1 Kh5 56. Kb1 Kh4 57. Ka2 Rxh3 58. Rf2 Rh1 59. Rf3
Be1 0-1

[Event "4NCL Division 2c"]
[Site "Birmingham, ENG"]
[Date "2016.05.01"]
[Round "10.236"]
[White "Henderson, David"]
[Black "Mackenzie, Colin"]
[Result "1/2-1/2"]
[WhiteElo "2132"]
[BlackElo "2060"]
[PlyCount "65"]
[EventDate "2016.05.01"]
[WhiteTeam "North East England"]
[BlackTeam "Kings Head"]

1. e4 e6 2. d4 d5 3. e5 c5 4. c3 Qb6 5. Nf3 Nc6 6. Bd3 cxd4 7. cxd4 Bd7 8. O-O
Nxd4 9. Nbd2 Nxf3+ 10. Nxf3 f5 11. exf6 Nxf6 12. Ne5 Bd6 13. Nxd7 Kxd7 14. Be3
Qb4 15. h3 a6 16. a3 Qh4 17. f4 Rhc8 18. Rc1 Rxc1 19. Qxc1 Rc8 20. Qd2 h6 21.
Qa5 Qh5 22. Qa4+ Ke7 23. Qb3 b5 24. a4 Qe8 25. axb5 axb5 26. Ra1 b4 27. Ra7+
Kf8 28. Ra6 Qd8 29. Qa4 Ne4 30. Bxe4 dxe4 31. Qb3 Qe7 32. Ra7 Rc7 33. Rxc7
1/2-1/2

[Event "4NCL Division 2c"]
[Site "Birmingham, ENG"]
[Date "2016.05.01"]
[Round "10.237"]
[White "Disu, Kayode"]
[Black "Malola, Prasath.T.S"]
[Result "1-0"]
[WhiteElo "1953"]
[BlackElo "2072"]
[PlyCount "106"]
[EventDate "2016.05.01"]
[WhiteTeam "Kings Head"]
[BlackTeam "North East England"]

1. d4 Nc6 2. Nf3 d6 3. Bg5 h6 4. Bh4 Nf6 5. Bxf6 gxf6 6. Nc3 e5 7. Qd2 Bg4 8.
e3 Bg7 9. O-O-O h5 10. d5 Ne7 11. Kb1 h4 12. h3 Bd7 13. Bc4 Qb8 14. Rdg1 Ng6
15. g3 b5 16. Bf1 f5 17. Nxh4 Nxh4 18. gxh4 Kf8 19. Rg2 Bf6 20. Rhg1 Bxh4 21.
f4 e4 22. Ne2 Bf6 23. Rg3 Qb7 24. Nc1 b4 25. Bc4 a5 26. Nb3 Qb6 27. Nd4 Qc5 28.
b3 a4 29. Nc6 Bxc6 30. dxc6 Ra5 31. Rd1 Qxc6 32. Qxb4 Rc5 33. Rdg1 Ke7 34. Rg8
Qb6 35. Qxa4 Qc6 36. Qxc6 Rxc6 37. Rxh8 Bxh8 38. a4 Bc3 39. h4 Bd2 40. Rg3 Kf6
41. h5 Rb6 42. Rg8 Ke7 43. h6 d5 44. h7 Rh6 45. h8=Q Rxh8 46. Rxh8 dxc4 47. Rh3
Kd6 48. Kb2 c3+ 49. Ka3 Kc5 50. a5 Kb5 51. b4 c5 52. a6 Bc1+ 53. Kb3 Kxa6 {
Score sheet unclear} 1-0

[Event "4NCL Division 2c"]
[Site "Birmingham, ENG"]
[Date "2016.05.01"]
[Round "10.238"]
[White "Moreby, James"]
[Black "Zhang, Harvey Y"]
[Result "1-0"]
[WhiteElo "2008"]
[BlackElo "1715"]
[PlyCount "57"]
[EventDate "2016.05.01"]
[WhiteTeam "North East England"]
[BlackTeam "Kings Head"]

1. e4 c5 2. Nf3 Nc6 3. d4 cxd4 4. Nxd4 g6 5. Nc3 Bg7 6. Be3 Nf6 7. Bc4 Qa5 8.
O-O O-O 9. Bb3 d6 10. h3 Bd7 11. f4 Nxd4 12. Bxd4 Bc6 13. Re1 e5 14. fxe5 dxe5
15. Bf2 Rad8 16. Qf3 Kh8 17. Bh4 Nxe4 18. Nxe4 f5 19. Qc3 Qb6+ 20. Bf2 Qc7 21.
Ng5 e4 22. Qc4 Bxb2 23. Rab1 Be5 24. Ne6 Bh2+ 25. Kh1 Qb8 26. Nxf8 Bd5 27. Qc3+
Be5 28. Bd4 Re8 29. Nd7 1-0

[Event "4NCL Division 2c"]
[Site "Birmingham, ENG"]
[Date "2016.05.01"]
[Round "10.242"]
[White "Savory, Richard J"]
[Black "Murphy, Hugh W"]
[Result "1/2-1/2"]
[WhiteElo "2081"]
[BlackElo "2109"]
[PlyCount "32"]
[EventDate "2016.05.01"]
[WhiteTeam "Downend & Fishponds"]
[BlackTeam "Grantham Sharks 2"]

1. e4 c6 2. d4 d5 3. Nc3 dxe4 4. Nxe4 Bf5 5. Ng3 Bg6 6. Nh3 Nf6 7. Nf4 e5 8.
Nxg6 hxg6 9. dxe5 Qa5+ 10. c3 Qxe5+ 11. Qe2 Nbd7 12. Bf4 Qxe2+ 13. Bxe2 Bc5 14.
O-O O-O 15. Rad1 Rfe8 16. Bc4 Ne4 1/2-1/2

[Event "4NCL Division 2c"]
[Site "Birmingham, ENG"]
[Date "2016.05.01"]
[Round "10.243"]
[White "Tavares, Shawn P"]
[Black "Garcia-Ruiz Fuentes, Aitor"]
[Result "1/2-1/2"]
[WhiteElo "2146"]
[BlackElo "2039"]
[PlyCount "141"]
[EventDate "2016.05.01"]
[WhiteTeam "Grantham Sharks 2"]
[BlackTeam "Downend & Fishponds"]

1. e4 c5 2. c3 d5 3. exd5 Qxd5 4. d4 Nc6 5. Nf3 Bg4 6. Be2 e6 7. Be3 cxd4 8.
cxd4 Nf6 9. O-O Be7 10. Nc3 Qa5 11. Qb3 Qb4 12. Qc2 Bf5 13. Bd3 Bxd3 14. Qxd3
Qa5 15. a3 a6 16. Bg5 Rd8 17. b4 Qb6 18. Rfd1 O-O 19. Qe2 Nxd4 20. Rxd4 Rxd4
21. Be3 e5 22. Nxe5 Qd8 23. Bxd4 Qxd4 24. Qe3 Qxe3 25. fxe3 Rc8 26. Rc1 Nd5 27.
Ne2 Rxc1+ 28. Nxc1 Nxe3 29. Nb3 Nc2 30. Nd7 Nxa3 31. Ndc5 Nc2 32. Nxb7 Bxb4 33.
Kf2 Bc3 34. Ke2 Nb4 35. N7c5 f5 36. h3 g5 37. g4 f4 38. Ne4 Nd5 39. Nxg5 a5 40.
Kd3 Bf6 41. Ne4 Bd8 42. Nec5 f3 43. Nd2 f2 44. Ke2 Nc3+ 45. Kd3 Nd5 46. Ke2 Bb6
47. Na4 Ba7 48. Nb3 Nf4+ 49. Kf1 Nxh3 50. Nxa5 Ng5 51. Nc6 Be3 52. Ne7+ Kf7 53.
Nf5 Ba7 54. Nc3 Nf3 55. Ng3 Nh2+ 56. Kg2 Nxg4 57. Kf3 h5 58. Nce4 Kg6 59. Nf1
Bb6 60. Kg3 Kf5 61. Nd6+ Ke6 62. Ne4 Kd5 63. Kf3 Ne5+ 64. Kf4 h4 65. Ned2 Nc4
66. Nf3 Ne3 67. N3d2 Nxf1 68. Nxf1 Bc7+ 69. Kf3 Bg3 70. Ne3+ Kd4 71. Ke2
1/2-1/2

[Event "4NCL Division 2c"]
[Site "Birmingham, ENG"]
[Date "2016.05.01"]
[Round "10.244"]
[White "Hosken, Nigel K"]
[Black "Willis, Rupert"]
[Result "0-1"]
[WhiteElo "2099"]
[BlackElo "2157"]
[PlyCount "90"]
[EventDate "2016.05.01"]
[WhiteTeam "Downend & Fishponds"]
[BlackTeam "Grantham Sharks 2"]

1. d4 Nf6 2. c4 e6 3. g3 c5 4. Nf3 d5 5. cxd5 exd5 6. Bg2 Nc6 7. Nc3 Be7 8. O-O
O-O 9. Bg5 c4 10. Ne5 Be6 11. Nxc6 bxc6 12. b3 Qa5 13. Bd2 Bb4 14. Qc2 Rfd8 15.
a3 Bxc3 16. Bxc3 cxb3 17. Bxa5 bxc2 18. Bxd8 Rxd8 19. Rfc1 Bf5 20. e4 Nxe4 21.
Rxc2 Nxg3 22. Rb2 Nh5 23. Rb7 Nf4 24. Re1 Ne6 25. Rd1 a5 26. Rd2 h5 27. Rb6 Rc8
28. Ra6 c5 29. dxc5 Rxc5 30. h3 d4 31. Bf1 g6 32. Kh2 Bc2 33. Bd3 Bb3 34. Rb6
a4 35. Rb4 h4 36. Be4 Rc1 37. Rb5 Ra1 38. Bd5 Bxd5 39. Rxd5 Rxa3 40. R5xd4 Nxd4
41. Rxd4 g5 42. f4 Ra2+ 43. Kh1 a3 44. fxg5 Rb2 45. Rxh4 a2 0-1

[Event "4NCL Division 2c"]
[Site "Birmingham, ENG"]
[Date "2016.05.01"]
[Round "10.245"]
[White "Birtwistle, Nigel"]
[Black "Dilleigh, Stephen P"]
[Result "1/2-1/2"]
[WhiteElo "2119"]
[BlackElo "2074"]
[PlyCount "66"]
[EventDate "2016.05.01"]
[WhiteTeam "Grantham Sharks 2"]
[BlackTeam "Downend & Fishponds"]

1. Nf3 Nf6 2. g3 g6 3. Bg2 Bg7 4. O-O d5 5. d4 O-O 6. c4 dxc4 7. Na3 Nc6 8.
Nxc4 Be6 9. Nce5 Bd5 10. Nxc6 Bxc6 11. Bf4 Bd5 12. Be5 Nd7 13. Bxg7 Kxg7 14.
Re1 Nf6 15. b3 c6 16. Qd2 Qd6 17. Rad1 Rfd8 18. Qc2 a5 19. Ne5 Bxg2 20. Kxg2
Kg8 21. e4 Qb4 22. a3 Qb5 23. Qc3 Nd7 24. a4 Qb6 25. Ng4 h5 26. Ne3 Nf6 27. f3
Rd7 28. Nc4 Qa7 29. Ne5 Rdd8 30. Qc4 e6 31. Nxg6 b5 32. Qxc6 Rac8 33. Qxb5 fxg6
1/2-1/2

[Event "4NCL Division 2c"]
[Site "Birmingham, ENG"]
[Date "2016.05.01"]
[Round "10.246"]
[White "Humphreys, Jerry G"]
[Black "Milson, Samuel A"]
[Result "1/2-1/2"]
[WhiteElo "1997"]
[BlackElo "2102"]
[PlyCount "41"]
[EventDate "2016.05.01"]
[WhiteTeam "Downend & Fishponds"]
[BlackTeam "Grantham Sharks 2"]

1. c4 e5 2. Nc3 Nc6 3. g3 f5 4. Bg2 Nf6 5. e3 g6 6. Nge2 Bg7 7. O-O O-O 8. d3
d6 9. Rb1 Be6 10. Nd5 e4 11. Nef4 Bf7 12. Nxf6+ Bxf6 13. Nd5 exd3 14. Nxf6+
Qxf6 15. Bxc6 bxc6 16. Qxd3 Qe6 17. b3 Qe4 18. Qc3 Rfe8 19. Bb2 Re5 20. Qd2 Re6
21. Qc3 1/2-1/2

[Event "4NCL Division 2c"]
[Site "Birmingham, ENG"]
[Date "2016.05.01"]
[Round "10.247"]
[White "Batchelor, Guy J"]
[Black "French, Max"]
[Result "1-0"]
[WhiteElo "1982"]
[BlackElo "1930"]
[PlyCount "131"]
[EventDate "2016.05.01"]
[WhiteTeam "Grantham Sharks 2"]
[BlackTeam "Downend & Fishponds"]

1. b3 d5 2. Bb2 Nf6 3. Nf3 g6 4. e3 Bg7 5. c4 c6 6. Be2 O-O 7. O-O Bg4 8. d3
Qb6 9. Nbd2 Na6 10. Ne5 Bxe2 11. Qxe2 Rfd8 12. Ndf3 Nd7 13. Nxd7 Rxd7 14. Bxg7
Kxg7 15. Ne5 Rd6 16. d4 Re6 17. Qf3 f6 18. Qh3 Rd6 19. c5 Qd8 20. cxd6 fxe5 21.
dxe7 Qxe7 22. dxe5 Nc5 23. f4 Rf8 24. f5 Qxe5 25. fxg6 hxg6 26. Rxf8 Qxa1+ 27.
Rf1 Qe5 28. Qf3 Qe7 29. Qf4 Ne4 30. Rf3 a5 31. h4 c5 32. h5 a4 33. hxg6 axb3
34. axb3 b5 35. Rh3 Ng5 36. Rh5 Kxg6 37. Rh8 Qe6 38. Rd8 Ne4 39. Qb8 Qf6 40.
Rf8 Qe6 41. Qxb5 Nf6 42. Qd3+ Kg7 43. Ra8 Ng4 44. Ra7+ Kf8 45. Qc3 Qxe3+ 46.
Qxe3 Nxe3 47. Rc7 c4 48. bxc4 Nxc4 49. Rc5 Ne3 50. Kf2 Ng4+ 51. Ke2 Nf6 52. Rc7
Ke8 53. Ke3 Ng8 54. Kd4 Ne7 55. Ke5 Ng6+ 56. Kf6 Nf4 57. g4 d4 58. Re7+ Kd8 59.
Re4 Nd5+ 60. Kf7 Ne3 61. Rxd4+ Kc7 62. g5 Nf5 63. Rd3 Kc6 64. g6 Nh6+ 65. Ke6
Kc7 66. Rh3 1-0

[Event "4NCL Division 2c"]
[Site "Birmingham, ENG"]
[Date "2016.05.01"]
[Round "10.248"]
[White "Young, Daniel J"]
[Black "Summerscale, Claire E"]
[Result "1/2-1/2"]
[WhiteElo "1952"]
[BlackElo "1890"]
[PlyCount "53"]
[EventDate "2016.05.01"]
[WhiteTeam "Downend & Fishponds"]
[BlackTeam "Grantham Sharks 2"]

1. e4 d5 2. exd5 Qxd5 3. Nc3 Qd8 4. d4 Nf6 5. Bc4 c6 6. Nf3 e6 7. Qe2 Be7 8.
Be3 Nbd7 9. O-O-O Nb6 10. Bd3 Nbd5 11. Ne4 Nxe4 12. Bxe4 Qa5 13. Kb1 Bf6 14.
Bd2 Qb6 15. c4 Ne7 16. Bc3 Bd7 17. Ne5 Bxe5 18. dxe5 O-O-O 19. Rd6 Nf5 20. Rd3
c5 21. Rhd1 Ba4 22. Rxd8+ Rxd8 23. Rxd8+ Qxd8 24. b3 Bc6 25. Bxc6 bxc6 26. Qf3
Qd7 27. Kc2 1/2-1/2

[Event "4NCL Division 2c"]
[Site "Birmingham, ENG"]
[Date "2016.04.30"]
[Round "9.211"]
[White "Russell, Christopher"]
[Black "Rogers, Jonathan W"]
[Result "0-1"]
[WhiteElo "2122"]
[BlackElo "2288"]
[PlyCount "84"]
[EventDate "2016.04.30"]
[WhiteTeam "Downend & Fishponds"]
[BlackTeam "Barbican 4NCL Youth"]

1. e4 e5 2. Nc3 Nf6 3. g3 Bb4 4. Bg2 c6 5. d4 d6 6. dxe5 dxe5 7. Qxd8+ Kxd8 8.
Nge2 Be6 9. O-O Bc4 10. Rd1+ Ke7 11. b3 Ba6 12. Bb2 Nbd7 13. a3 Bc5 14. h3 Rhd8
15. Rd2 Nf8 16. Rad1 Ne6 17. b4 Bd6 18. Na4 b6 19. Nc1 Bb5 20. Nc3 Bc4 21. Nd3
Nd4 22. f4 Bxd3 23. Rxd3 Bc7 24. Na4 Nxc2 25. fxe5 Nh5 26. Kf2 Rxd3 27. Rxd3 a5
28. b5 cxb5 29. Nc3 Bxe5 30. Nd5+ Ke6 31. Bxe5 Kxe5 32. Nxb6 Ra7 33. Rd5+ Ke6
34. Rxb5 g6 35. a4 Nd4 36. Rd5 Rb7 37. Nc4 Nb3 38. Bf3 Rb4 39. Nxa5 Nf6 40. Rb5
Rxb5 41. axb5 Nxa5 42. b6 Ke5 0-1

[Event "4NCL Division 2c"]
[Site "Birmingham, ENG"]
[Date "2016.04.30"]
[Round "9.212"]
[White "Coleman, David J"]
[Black "Savory, Richard J"]
[Result "1-0"]
[WhiteElo "2164"]
[BlackElo "2081"]
[PlyCount "69"]
[EventDate "2016.04.30"]
[WhiteTeam "Barbican 4NCL Youth"]
[BlackTeam "Downend & Fishponds"]

1. e4 c5 2. Nf3 d6 3. d4 cxd4 4. Nxd4 Nf6 5. Nc3 a6 6. Bg5 Nbd7 7. Qe2 h6 8.
Bh4 g6 9. f4 e5 10. O-O-O Be7 11. Nf3 Qc7 12. fxe5 dxe5 13. g4 b5 14. Bg3 Bb7
15. h4 b4 16. Nd5 Nxd5 17. exd5 Bd6 18. Bg2 O-O-O 19. Nd2 Kb8 20. Kb1 Rhe8 21.
Nc4 Bf8 22. g5 Bg7 23. Rhf1 f5 24. gxf6 Bxf6 25. Bh3 Nb6 26. Nxb6 Qxb6 27. Be6
Rxe6 28. dxe6 Qxe6 29. Rxd8+ Bxd8 30. Rf8 Kc8 31. Qd2 Bd5 32. b3 Qd6 33. Re8
Qc6 34. Rxe5 Be4 35. Bf2 1-0

[Event "4NCL Division 2c"]
[Site "Birmingham, ENG"]
[Date "2016.04.30"]
[Round "9.213"]
[White "Garcia-Ruiz Fuentes, Aitor"]
[Black "Crocker, Philip J"]
[Result "1-0"]
[WhiteElo "2039"]
[BlackElo "2136"]
[PlyCount "89"]
[EventDate "2016.04.30"]
[WhiteTeam "Downend & Fishponds"]
[BlackTeam "Barbican 4NCL Youth"]

1. d4 Nf6 2. c4 g6 3. Nc3 d5 4. cxd5 Nxd5 5. e4 Nxc3 6. bxc3 Bg7 7. Be3 c5 8.
Qd2 Nc6 9. Rd1 Qa5 10. h3 O-O 11. Nf3 Be6 12. Be2 Rfd8 13. O-O Rac8 14. d5 Ne5
15. Nxe5 Bxe5 16. c4 Bc3 17. Qc1 Bd7 18. Rd3 Bg7 19. Ra3 Qb6 20. Rb3 Qa6 21.
Ra3 Qb6 22. Qb1 Qxb1 23. Rxb1 b5 24. Rxa7 b4 25. Ra5 Ra8 26. Rxa8 Rxa8 27. Bxc5
Rxa2 28. Bf1 f5 29. f3 fxe4 30. fxe4 Ba4 31. Rxb4 Bc2 32. Rb8+ Kf7 33. Rb7 Bf6
34. e5 Bxe5 35. Rxe7+ Kf6 36. Re6+ Kf5 37. g4+ Kf4 38. d6 Ba4 39. Re7 Bc6 40.
d7 Bc7 41. Re8 Kf3 42. Rf8+ Kg3 43. d8=Q Bxd8 44. Bd6+ Kh4 45. Rxd8 1-0

[Event "4NCL Division 2c"]
[Site "Birmingham, ENG"]
[Date "2016.04.30"]
[Round "9.214"]
[White "Brett, Andrew R"]
[Black "Hosken, Nigel K"]
[Result "1/2-1/2"]
[WhiteElo "2108"]
[BlackElo "2099"]
[PlyCount "47"]
[EventDate "2016.04.30"]
[WhiteTeam "Barbican 4NCL Youth"]
[BlackTeam "Downend & Fishponds"]

1. e4 c6 2. d4 d5 3. e5 Bf5 4. h4 h5 5. c4 e6 6. Nc3 Ne7 7. Nge2 Nd7 8. Ng3 Bg6
9. Bg5 Qc7 10. Rc1 dxc4 11. Bxc4 Nb6 12. Bb3 Qd7 13. O-O Nf5 14. Nxf5 Bxf5 15.
a4 Bb4 16. Qe2 Rc8 17. Rfd1 Nd5 18. Nxd5 exd5 19. Qe3 O-O 20. Bc2 Rce8 21. Qf3
Bg6 22. Bxg6 fxg6 23. Qd3 Qf5 24. Qxf5 1/2-1/2

[Event "4NCL Division 2c"]
[Site "Birmingham, ENG"]
[Date "2016.04.30"]
[Round "9.215"]
[White "Dilleigh, Stephen P"]
[Black "Stewart, Ashley"]
[Result "1-0"]
[WhiteElo "2074"]
[BlackElo "2073"]
[PlyCount "107"]
[EventDate "2016.04.30"]
[WhiteTeam "Downend & Fishponds"]
[BlackTeam "Barbican 4NCL Youth"]

1. Nf3 c5 2. c4 g6 3. e4 Nc6 4. d4 cxd4 5. Nxd4 Nf6 6. Nc3 Nxd4 7. Qxd4 d6 8.
Bg5 Bg7 9. Be2 O-O 10. Qd2 a5 11. O-O a4 12. Rac1 Qa5 13. f3 Re8 14. Rfd1 Be6
15. Nd5 Nxd5 16. cxd5 Bd7 17. Qxa5 Rxa5 18. Rc7 Bb5 19. Bxb5 Rxb5 20. Bxe7 Rxb2
21. Bxd6 Rxa2 22. Be7 Be5 23. d6 Kg7 24. Rc5 Bxd6 25. Bxd6 b6 26. Be5+ Kh6 27.
Rcd5 Rc8 28. R5d2 Rcc2 29. Rxc2 Rxc2 30. Rd2 Rc1+ 31. Kf2 b5 32. Rb2 Rc5 33.
Bd4 Rh5 34. e5 a3 35. Rxb5 Rxh2 36. Ra5 Rh4 37. Be3+ Kg7 38. Rxa3 Rc4 39. Bg5
Rc2+ 40. Kg3 Rc7 41. Bf6+ Kh6 42. Ra4 g5 43. Rg4 Rc2 44. Bxg5+ Kh5 45. Bf6 h6
46. Re4 Rc6 47. Kh3 Ra6 48. g4+ Kg6 49. f4 h5 50. f5+ Kh6 51. g5+ Kh7 52. Rh4
Ra3+ 53. Kg2 Ra2+ 54. Kf1 1-0

[Event "4NCL Division 2c"]
[Site "Birmingham, ENG"]
[Date "2016.04.30"]
[Round "9.216"]
[White "Klingher, Dominic"]
[Black "Humphreys, Jerry G"]
[Result "0-1"]
[WhiteElo "2020"]
[BlackElo "1997"]
[PlyCount "98"]
[EventDate "2016.04.30"]
[WhiteTeam "Barbican 4NCL Youth"]
[BlackTeam "Downend & Fishponds"]

1. e4 c5 2. Nc3 Nc6 3. g3 g6 4. d3 Bg7 5. Bg2 e6 6. Nge2 Nge7 7. O-O d6 8. Be3
Nd4 9. Qd2 Qa5 10. Rae1 Nec6 11. f4 f5 12. a3 O-O 13. h3 Rb8 14. g4 b5 15. Ng3
Bd7 16. Kh2 b4 17. axb4 cxb4 18. Nd1 Qa4 19. Bxd4 Nxd4 20. Ne3 fxg4 21. hxg4
Nc6 22. Nc4 Nd4 23. Ra1 Qxc2 24. Qe3 Nb5 25. Rfc1 Qb3 26. Nf1 Bxb2 27. Rcb1
Bxa1 28. Rxb3 Bd4 29. Qg3 a5 30. Nxa5 Nc3 31. Bf3 Ba4 32. Rb2 Nxe4 33. Qg2 Nc5
34. Rb1 Rxf4 35. Nd2 Nxd3 36. Nac4 d5 37. Na5 Bc3 38. Nab3 Rbf8 39. Qe2 Ne5 40.
Kg2 Nxf3 41. Qxe6+ Kh8 42. Nxf3 Rxf3 43. Qxd5 R3f4 44. Nc5 Bc2 45. Rc1 b3 46.
Nd3 b2 47. Qc5 bxc1=Q 48. Qxc3+ Kg8 49. Nxc1 Be4+ 0-1

[Event "4NCL Division 2c"]
[Site "Birmingham, ENG"]
[Date "2016.04.30"]
[Round "9.217"]
[White "French, Max"]
[Black "Keen, Cosima"]
[Result "1/2-1/2"]
[WhiteElo "1930"]
[BlackElo "1930"]
[PlyCount "70"]
[EventDate "2016.04.30"]
[WhiteTeam "Downend & Fishponds"]
[BlackTeam "Barbican 4NCL Youth"]

1. d4 d5 2. c4 e6 3. Nc3 Nf6 4. cxd5 exd5 5. Bg5 c6 6. e3 Bd6 7. Bd3 h6 8. Bh4
O-O 9. Nf3 Re8 10. O-O Nbd7 11. Rc1 Be7 12. Bg3 a6 13. Nh4 Ne4 14. Nf5 Nxg3 15.
Nxe7+ Qxe7 16. hxg3 Nf6 17. Re1 Ne4 18. Nxe4 dxe4 19. Bc4 Be6 20. Qb3 Bxc4 21.
Qxc4 Red8 22. b4 Rd5 23. a4 h5 24. Qb3 Qg5 25. Rc5 Rad8 26. Rec1 h4 27. gxh4
Qxh4 28. Rxd5 Rxd5 29. Rc5 Rd6 30. Rf5 Rh6 31. Qxf7+ Kh7 32. Kf1 Qh1+ 33. Ke2
Qb1 34. Rh5 Qc2+ 35. Ke1 Qc1+ 1/2-1/2

[Event "4NCL Division 2c"]
[Site "Birmingham, ENG"]
[Date "2016.04.30"]
[Round "9.218"]
[White "Webster, Alex"]
[Black "Young, Daniel J"]
[Result "0-1"]
[WhiteElo "1885"]
[BlackElo "1952"]
[PlyCount "48"]
[EventDate "2016.04.30"]
[WhiteTeam "Barbican 4NCL Youth"]
[BlackTeam "Downend & Fishponds"]

1. e4 c5 2. Nc3 Nc6 3. f4 g6 4. Nf3 Bg7 5. Bb5 Nd4 6. O-O Nxb5 7. Nxb5 d5 8.
exd5 a6 9. Nc3 Nf6 10. d3 Nxd5 11. Ne4 Qc7 12. Qe1 O-O 13. f5 Bxf5 14. Qh4 f6
15. Bh6 e5 16. Bxg7 Kxg7 17. Qf2 Rac8 18. Ng3 Be6 19. c3 Nf4 20. Rad1 Bh3 21.
Ne1 Bxg2 22. Nh5+ gxh5 23. Qg3+ Kh8 24. Nxg2 Ne2+ 0-1